000 00511nam a2200181Ia 4500
005 20250508152215.0
008 008 250505s9999 xx 000 0 eng d
037 _aTextual
040 _aFEDL
_beng
_cFEDL
041 _aeng
_2eng
084 _a192, MAC
_qFEDL
100 _aMace C.A. Ed.
_9761023
245 0 _aBritish philosophy in the mid-century
260 _aLondon, UK
_bGeorge Allen and Unwin Limited
_c1957
300 _a396p.
942 _cTEXL
_h192, MAC
999 _c1334969
_d1334969